000 01255nam a2200349 a 4500
001 000112895
003 CHAP
005 20220329144326.0
008 170207s2016 mx sm |||||||spa d
010 _a109356
011 _a110328
040 _cCHAP
090 _aTesis
100 1 _aBarrera Zubiaga, Ezra Jorge Eleazar
_9131437
245 1 0 _aCaracterización, clasificación y ordenación de pinos piñoneros de Zacatecas
_h[En línea]
_cpor Ezra Jorge Eleazar Barrera Zubiaga.
260 _aChapingo, Méx. :
_bEl autor,
_c2016.
500 _aPara ver el contenido del material haga clic en la liga
502 _aTesis (M.C. en Ciencias Forestales) -- UACH. División de Ciencias Forestales
590 _aBATCH
_b00
_c20181121
_lUCH01
_h0758
590 _aE11695DGD
_b10
_c20170208
_lUCH01
_h1158
590 _aE5765TAJ
_b05
_c20170207
_lUCH01
_h0938
590 _aE5765TAJ
_b05
_c20170207
_lUCH01
_h0939
650 1 4 _aPino
_xVariedades.
_9127316
650 1 4 _aPinus
_xAnálisis multivariado.
_9131438
650 1 4 _aSuelos
_xFísica de.
_9110373
650 1 4 _aSuelos
_xQuímica de.
_9110470
856 _a1
_n0000778
856 _aFinding aid
_uhttp://10.13.5.2/tesis/sist112895.pdf
_zTeclea aquí
901 _aBK
942 _cTESIS
942 _n0
999 _c109356
_d109356